<?xml version="1.0" encoding="UTF-8"?>
<record
    xmlns:xsi="http://www.w3.org/2001/XMLSchema-instance"
    xsi:schemaLocation="http://www.loc.gov/MARC21/slim http://www.loc.gov/standards/marcxml/schema/MARC21slim.xsd"
    xmlns="http://www.loc.gov/MARC21/slim">

  <leader>01473nam a22002657a 4500</leader>
  <datafield tag="952" ind1=" " ind2=" ">
    <subfield code="0">0</subfield>
    <subfield code="1">0</subfield>
    <subfield code="4">0</subfield>
    <subfield code="7">0</subfield>
    <subfield code="a">19</subfield>
    <subfield code="b">19</subfield>
    <subfield code="d">2016-11-28</subfield>
    <subfield code="l">0</subfield>
    <subfield code="o">QA300 H3418 2015</subfield>
    <subfield code="p">19 002818</subfield>
    <subfield code="r">2016-11-28</subfield>
    <subfield code="t">1</subfield>
    <subfield code="w">2016-11-28</subfield>
    <subfield code="y">LB</subfield>
  </datafield>
  <datafield tag="999" ind1=" " ind2=" ">
    <subfield code="c">101427</subfield>
    <subfield code="d">101427</subfield>
  </datafield>
  <controlfield tag="005">20231102152011.0</controlfield>
  <controlfield tag="008">161128s2015    mx d|||| |||| 00| 0 spa d</controlfield>
  <datafield tag="020" ind1=" " ind2=" ">
    <subfield code="a">9786073229166</subfield>
  </datafield>
  <datafield tag="050" ind1=" " ind2=" ">
    <subfield code="a">QA300</subfield>
    <subfield code="b">H3418 2015</subfield>
  </datafield>
  <datafield tag="082" ind1=" " ind2=" ">
    <subfield code="2"> </subfield>
  </datafield>
  <datafield tag="100" ind1=" " ind2=" ">
    <subfield code="a">Haeussler, Jr Ernest F.</subfield>
    <subfield code="e">autor</subfield>
  </datafield>
  <datafield tag="245" ind1=" " ind2=" ">
    <subfield code="a">Matem&#xE1;ticas para administraci&#xF3;n y econom&#xED;a</subfield>
    <subfield code="c">/ Haeussler Paul Wood</subfield>
  </datafield>
  <datafield tag="260" ind1=" " ind2=" ">
    <subfield code="a">M&#xE9;xico</subfield>
    <subfield code="b">: Pearson</subfield>
    <subfield code="c">, 2015</subfield>
  </datafield>
  <datafield tag="300" ind1=" " ind2=" ">
    <subfield code="a">811 p&#xE1;ginas</subfield>
  </datafield>
  <datafield tag="500" ind1=" " ind2=" ">
    <subfield code="a">Incluye indice pp: l-1 - l-10</subfield>
  </datafield>
  <datafield tag="505" ind1=" " ind2=" ">
    <subfield code="a">Repaso de &#xE1;lgebra, Aplicaciones y m&#xE1;s &#xE1;lgebra, Funciones y gr&#xE1;ficas, Rectas, Par&#xE1;bolas y sistema de ecuaciones, Funiones exponenciales y logaritmascas, Matem&#xE1;ticas financieras, &#xC1;lgebra matricial, Programaci&#xF3;n lineal, Introducci&#xF3;n a la probabilidad y la estad&#xED;stica, Tomas adicionales de probabilidad, L&#xED;mites y continuidad, Diferenciai&#xF3;n, Temas adicionales de diferenciaci&#xF3;n, Trazado de curvas, Integraci&#xF3;n, Metodos y aplicaciones de la integraci&#xF3;n, Variables aleatorias continuas, Calculo de varias variables.</subfield>
  </datafield>
  <datafield tag="519" ind1=" " ind2=" ">
    <subfield code="a">Educaci&#xF3;n Mixta / </subfield>
    <subfield code="b">Administraci&#xF3;n / </subfield>
    <subfield code="c">Material Complementario (M03-4) / </subfield>
    <subfield code="d">(19 002818)</subfield>
  </datafield>
  <datafield tag="650" ind1=" " ind2=" ">
    <subfield code="a">ECONOM&#xCD;A MATEM&#xC1;TICA</subfield>
  </datafield>
  <datafield tag="650" ind1=" " ind2=" ">
    <subfield code="a">AN&#xC1;LISIS MATEM&#xC1;TICO</subfield>
  </datafield>
  <datafield tag="650" ind1=" " ind2=" ">
    <subfield code="a">MATEM&#xC1;TICAS FINANCIERAS</subfield>
  </datafield>
  <datafield tag="700" ind1=" " ind2=" ">
    <subfield code="a">Marrieta Marrieta Jes&#xFA;s Elmer </subfield>
    <subfield code="e">traductor</subfield>
  </datafield>
  <datafield tag="700" ind1=" " ind2=" ">
    <subfield code="a">Fernandez M&#xE9;ndez F&#xE9;lix</subfield>
    <subfield code="e">revisi&#xF3;n t&#xE9;cnica</subfield>
  </datafield>
  <datafield tag="942" ind1=" " ind2=" ">
    <subfield code="c">LB</subfield>
  </datafield>
</record>
